<?xml version="1.0" encoding="UTF-8"?><?xml-stylesheet type="text/xsl" href="static/style.xsl"?><OAI-PMH xmlns="http://www.openarchives.org/OAI/2.0/" xmlns:xsi="http://www.w3.org/2001/XMLSchema-instance" xsi:schemaLocation="http://www.openarchives.org/OAI/2.0/ http://www.openarchives.org/OAI/2.0/OAI-PMH.xsd"><responseDate>2026-04-17T15:04:34Z</responseDate><request verb="GetRecord" identifier="oai:www.recercat.cat:20.500.12328/1297" metadataPrefix="marc">https://recercat.cat/oai/request</request><GetRecord><record><header><identifier>oai:recercat.cat:20.500.12328/1297</identifier><datestamp>2025-05-20T00:02:15Z</datestamp><setSpec>com_2072_67741</setSpec><setSpec>col_2072_484352</setSpec></header><metadata><record xmlns="http://www.loc.gov/MARC21/slim" xmlns:dcterms="http://purl.org/dc/terms/" xmlns:xsi="http://www.w3.org/2001/XMLSchema-instance" xmlns:doc="http://www.lyncode.com/xoai" xsi:schemaLocation="http://www.loc.gov/MARC21/slim http://www.loc.gov/standards/marcxml/schema/MARC21slim.xsd">
   <leader>00925njm 22002777a 4500</leader>
   <datafield ind2=" " ind1=" " tag="042">
      <subfield code="a">dc</subfield>
   </datafield>
   <datafield ind2=" " ind1=" " tag="720">
      <subfield code="a">Fuertes Camacho, M. Teresa</subfield>
      <subfield code="e">author</subfield>
   </datafield>
   <datafield ind2=" " ind1=" " tag="260">
      <subfield code="c">2011-10</subfield>
   </datafield>
   <datafield ind2=" " ind1=" " tag="520">
      <subfield code="a">La observación de las prácticas educativas escolares tiene una gran importancia como elemento de evaluación del sistema educativo. Si bien hasta hace unos años su uso quedaba reducido a la evaluación del alumnado, actualmente y como consecuencia de las sucesivas reformas educativas, su utilidad ha sido reconocida tanto en la formación inicial del profesorado, como en la formación continuada de los docentes en ejercicio. En la experiencia que presentamos, aplicada en el contexto de prácticas externas que realizan los estudiantes, la observación se ha utilizado como técnica de recogida y de análisis de datos acerca del proceso de enseñanza y aprendizaje que tiene lugar en contextos reales. La colaboración entre estudiantes de maestro y docentes expertos ha sido considerada fundamental para el desarrollo del proceso. Una vez que los estudiantes de grado de maestro/a en educación infantil han adquirido en la universidad los conocimientos teóricos que dan fundamento al uso de la técnica de la observación sistemática, deberán ser capaces, en sus prácticas externas, de utilizarla como método de trabajo aplicado al aula. Su uso focalizado es básico en el proceso de evaluación, no solamente para valorar los comportamientos y las actitudes del alumnado, sino también para ser utilizada como instrumento de evaluación y de reflexión más global. La finalidad de su uso debería tener como objetivo la mejora, tanto del proceso de enseñanza y aprendizaje en general que incluye el análisis y la valoración de los programas educativos, como de la práctica docente.</subfield>
   </datafield>
   <datafield ind1="8" ind2=" " tag="024">
      <subfield code="a">Fuertes Camacho, Maria Teresa. La observación de las prácticas educativas como elemento de evaluación y de mejora de la calidad en la formación inicial y continua del profesorado. Revista de Docencia Universitaria, 2011, vol. 9, núm 3, p. 237-258. Disponible en: &lt;https://polipapers.upv.es/index.php/REDU/article/view/11228>. Fecha de acceso: 9 nov 2019. DOI: 10.4995/redu.2011.11228</subfield>
   </datafield>
   <datafield ind1="8" ind2=" " tag="024">
      <subfield code="a">1887-4592</subfield>
   </datafield>
   <datafield ind1="8" ind2=" " tag="024">
      <subfield code="a">http://hdl.handle.net/20.500.12328/1297</subfield>
   </datafield>
   <datafield ind1="8" ind2=" " tag="024">
      <subfield code="a">https://dx.doi.org/10.4995/redu.2011.11228</subfield>
   </datafield>
   <datafield tag="653" ind2=" " ind1=" ">
      <subfield code="a">Educació--Avaluació</subfield>
   </datafield>
   <datafield tag="653" ind2=" " ind1=" ">
      <subfield code="a">Evaluación educativa</subfield>
   </datafield>
   <datafield tag="653" ind2=" " ind1=" ">
      <subfield code="a">Competencias profesionales</subfield>
   </datafield>
   <datafield tag="653" ind2=" " ind1=" ">
      <subfield code="a">Evaluación formativa</subfield>
   </datafield>
   <datafield tag="653" ind2=" " ind1=" ">
      <subfield code="a">Investigación educativa</subfield>
   </datafield>
   <datafield tag="653" ind2=" " ind1=" ">
      <subfield code="a">Avaluació educativa</subfield>
   </datafield>
   <datafield tag="653" ind2=" " ind1=" ">
      <subfield code="a">Competències professionals</subfield>
   </datafield>
   <datafield tag="653" ind2=" " ind1=" ">
      <subfield code="a">Educació--Investigació</subfield>
   </datafield>
   <datafield tag="653" ind2=" " ind1=" ">
      <subfield code="a">Education--Evaluation</subfield>
   </datafield>
   <datafield tag="653" ind2=" " ind1=" ">
      <subfield code="a">Professional skills for teachers</subfield>
   </datafield>
   <datafield tag="653" ind2=" " ind1=" ">
      <subfield code="a">Evaluation in education</subfield>
   </datafield>
   <datafield ind2="0" ind1="0" tag="245">
      <subfield code="a">La observación de las prácticas educativas como elemento de evaluación y de mejora de la calidad en la formación inicial y continua del profesorado</subfield>
   </datafield>
</record></metadata></record></GetRecord></OAI-PMH>